000
00339nam a2200157Ia 4500
003
OSt
005
20240312105831.0
008
170523s9999 xx 000 0 und d
020
_a
9788120350342
040
_c
iimtu meerut
100
_a
SRINIVASAN- R
245
0
_a
SERVICE MARKETING
260
_b
PHI
260
_c
2004
942
_2
ddc
_c
02
999
_c
1502
_d
1502